Logo BPK

Bibliografia Prac Pracowników

Politechniki Koszalińskiej

Zmiany składu kwasów tłuszczowych w nasionach winogron po procesie fermentacji alkoholowej w technologii produkcji win gronowych / (Rekord nr 6438)

Szczegóły MARC
000 -ETYKIETA REKORDU
podpole kontrolne o stałej długości 01555naa a2200265 i 4500
001 - NUMER KONTROLNY REKORDU
podpole kontrolne BPP
003 - IDENTYFIKATOR NUMERU KONTROLNEGO REKORDU
podpole kontrolne BPK
005 - DATA OSTATNIEJ MODYFIKACJI REKORDU
podpole kontrolne 20180124125929.0
008 - POLE O STAŁEJ DŁUGOŚCI - DANE KONTROLNE
podpole kontrolne o stałej długości 140930s2012 pl f |100 0 pol
040 ## - ŹRÓDŁO KATALOGOWANIA
Instytucja, która utworzyła rekord BPK
080 ## - UNIWERSALNA KLASYFIKACJA DZIESIĘTNA - UKD
UKD 663.2/.3
100 ## - NAZWA OSOBOWA
Nazwa osobowa KUBIAK, Mariusz Sławomir.
Lata pracy 2008 - .
Instytucja Politechnika Koszalińska - Wydział Mechaniczny,
Wydział Katedra Procesów i Urządzeń Przemysłu Spożywczego
245 ## - TYTUŁ/ODPOWIEDZIALNOŚĆ
Tytuł Zmiany składu kwasów tłuszczowych w nasionach winogron po procesie fermentacji alkoholowej w technologii produkcji win gronowych /
Pozostałe elementy strefy tytułu i oznaczenia odpowiedzialności Monika Sterczyńska, Mariusz Sławomir Kubiak.
260 ## - STREFA ADRESU WYDAWNICZEGO
Data publikacji, dystrybucji/powstania dokumentu 2012.
500 ## - UWAGI OGÓLNE
Tekst uwagi Dane z autopsji.
520 ## - UWAGA DOTYCZĄCA TREŚCI DOKUMENTU
Analiza dokumentacyjna, adnotacja itp. W pracy dokonano analizy zmian zawartości procentowej 6 kwasów tłuszczowych w uszkodzonych nasionach czerwonych i białych winogron po procesie fermentacji alkoholowej, w nastawach winnych sporządzonych zgodnie z obowiązującymi rozporządzeniami i normami dla win gronowych.
650 ## - HASŁO PRZEDMIOTOWE W FORMIE NAZWY OGÓLNEJ LUB JEDNOSTKOWEJ
Nazwa ogólna lub geograficzna Winiarstwo.
650 ## - HASŁO PRZEDMIOTOWE W FORMIE NAZWY OGÓLNEJ LUB JEDNOSTKOWEJ
Nazwa ogólna lub geograficzna Winogrona.
650 ## - HASŁO PRZEDMIOTOWE W FORMIE NAZWY OGÓLNEJ LUB JEDNOSTKOWEJ
Nazwa ogólna lub geograficzna Fermentacja.
655 #0 - TERMIN INDEKSOWY - OKREŚLENIE RODZAJU/FORMY DOKUMENTU
Określnie rodzaju/formy dokumentu Materiały konferencyjne.
773 ## - TYTUŁ DOKUMENTU MACIERZYSTEGO
Wyrażenie wprowadzające W :
Tytuł Budowa i eksploatacja maszyn przemysłu spożywczego BEMS 2004 : XV Konferencja Naukowo-Techniczna. -
Adres wydawniczy Koszalin : Wydawnictwo Uczelniane Politechniki Koszaliäskiej, 2012. -
Informacje dotyczące relacji s. 152
700 ## - HASŁO DODATKOWE - NAZWA OSOBOWA
Nazwa osobowa STERCZYŃSKA, Monika - doktorant.
Instytucja Politechnika Koszalińska - Wydział Mechaniczny,
Wydział Katedra Procesów i Urządzeń Przemysłu Spożywczego
711 ## - HASŁO DODATKOWE - NAZWA IMPREZY
Nazwa imprezy BEMS 2012
Oznaczenie części/sekcji dzieła (15 ;
Data imprezy 2012 ;
Miejsce imprezy Koszalin-Kołobrzeg, Polska).
Nazwa części/sekcji dzieła BEMS 2012
942 ## - HASŁO DODATKOWE - ELEMENTY(KOHA)
Typ dokumentu Artykuł
Schemat klasyfikacji Uniwersalna klasyfikacja dziesiętna
Egzemplarze
Wycofany Zagubiony Uszkodzony Dostępność Lokalizacja stała Lokalizacja bieżąca Sygnatura Typ dokumentu
      Dostępny Bibliografia Prac Pracowników - BPK Bibliografia Prac Pracowników - BPK 100793 Artykuł
© 2014 Biblioteka Politechniki Koszalińskiej :: BIBLIOGRAFIA PRAC PRACOWNIKÓW